|
|
|
|
| LEADER |
00000cam a2200000 i 4500 |
| 001 |
1/37382 |
| 008 |
941129s1990 gr | ||| |||| ||gre|| |
| 035 |
|
|
|a 1993
|c ΒΙΒΛΙΟΘΗΚΗ
|l 10040494
|
| 040 |
|
|
|a GR-MyUA
|b gre
|e AACR2
|
| 041 |
0 |
|
|a gre
|
| 082 |
7 |
|
|a 938.975
|2 (22)
|
| 100 |
1 |
|
|a Δημητρίου Νικόλαος Α.,
|d 1897-1996.
|
| 245 |
1 |
0 |
|a Ιστορία των Μαυρατζαίων /
|c Νικόλαος Α. Δημητρίου.
|
| 260 |
|
|
|a Αθήνα :
|b [χ.ο],
|c 1990.
|
| 300 |
|
|
|a 116 σ. ;
|c 21εκ.
|
| 651 |
|
0 |
|a Samos (Greece : Municipality)
|x History.
|
| 852 |
|
|
|a INST
|b SAMOS
|e 19941129
|h 938.975 ΔΗΜ
|p 005300008023
|q 005300008023
|t BK
|y 0
|
| 909 |
|
|
|a Σ
|b 033543
|
| 970 |
|
|
|z 1994/11
|